| 000 | 00394 a2200145 4500 | ||
|---|---|---|---|
| 003 | Nust | ||
| 005 | 20170207154216.0 | ||
| 040 | _cNust | ||
| 082 | _a378.4 | ||
| 245 |
_aUni of Sunderland Full-Time Programme Directory - UG Prospectus 1999 _cUni of Sunderland |
||
| 260 |
_a Sunderland _bUni of Sunderland _c1999 |
||
| 300 | _a240 p. | ||
| 538 | _aAlmirah No. 117 Shelf No. 1 | ||
| 650 | _aUG Prospectus | ||
| 942 |
_2ddc _cBK |
||
| 999 |
_c195097 _d195097 |
||